000 00287nam a22001337a 4500
008 171129b xxu||||| |||| 00| 0 eng d
020 _a9780538466851
041 _aeng
080 _a33
100 _a58
101 _aBUS
245 _aBUSINESS & SOCIETY
_cTHORNE,D,M
942 _2udc
_cBK
999 _c38606
_d38606